01275nas a2200361 4500001001300000003000900013005001700022007000300039008003400042040005400076041000900130072000800139100001900147100001900166100002300185100002100208100002600229100002100255100002000276245011500296650001900411650002600430650001800456650001200474650001900486650002300505773010900528856004600637909004000683942001800723999001900741952015300760BR2014005608BR-BrBNA20231205124447.0ta230509b bl.|||p| |||| 00| 00por d aBR-BrBNAbporcBiblioteca Nacional de Agricultura a(En) aF011 aCunha, M.V. da1 aLira, M. de A.1 aSantos, M.V.F. dos1 aFreitas, E.V. de1 aDubeux Junior, J.C.B.1 aMello, A.C.L. de1 aMartins, K.G.R.1 aAssociation between the morphological and productive characteristics in the selection of elephant grass clones aCAPIM ELEFANTE aGRAMÍNEA FORRAGEIRA aPRODUTIVIDADE aMILHETO aMATÉRIA SECA aMORFOLOGIA VEGETAL0 tRevista Brasileira de Zootecnia (Brazil)xISSN 1806-9290 g(Mar 2011), v. 40(3) p. 482-488wBR201400560840uhttp://www.scielo.br/pdf/rbz/v40n3/04.pdf a202311bLúciac55dLúcia Elande 2AGRISn0cANA c239208d239208 002AGRIS4071a41918b41918cPeriódicos Agrícolash(Mar 2011), v. 40(3) p. 482-488l0r2023-11-29t01yCRePortaria Interministerial nº 164/94